You just don't understand : women and men in conversation. / (Record no. 9637)

MARC details
000 -LEADER
fixed length control field 01538cim a2200421 a 4500
001 - CONTROL NUMBER
control field 15049192
003 - CONTROL NUMBER IDENTIFIER
control field OSt
005 - DATE AND TIME OF LATEST TRANSACTION
control field 20231017161325.0
007 - PHYSICAL DESCRIPTION FIXED FIELD--GENERAL INFORMATION
fixed length control field ss lsnjlcmpnue
008 - FIXED-LENGTH DATA ELEMENTS--GENERAL INFORMATION
fixed length control field 071018s1991 nyunnn| z| | eng d
010 ## - LIBRARY OF CONGRESS CONTROL NUMBER
LC control number 2007657690
020 ## - INTERNATIONAL STANDARD BOOK NUMBER
International Standard Book Number 0671739530
024 1# - OTHER STANDARD IDENTIFIER
Standard number or code 076714010956
024 3# - OTHER STANDARD IDENTIFIER
Standard number or code 0345372050
028 02 - PUBLISHER OR DISTRIBUTOR NUMBER
Publisher or distributor number 73953-0
Source Simon & Schuster Audio
035 ## - SYSTEM CONTROL NUMBER
System control number (OCoLC)ocm24801918
040 ## - CATALOGING SOURCE
Original cataloging agency VRP
Transcribing agency VRP
Modifying agency VET
-- IVC
-- MPI
-- OCLCQ
-- DLC
042 ## - AUTHENTICATION CODE
Authentication code lccopycat
050 00 - LIBRARY OF CONGRESS CALL NUMBER
Classification number P94.7.T16
100 1# - MAIN ENTRY--PERSONAL NAME
Personal name Tannen, Deborah.
9 (RLIN) 1266
245 10 - TITLE STATEMENT
Title You just don't understand : women and men in conversation. /
Statement of responsibility, etc. Deborah Tannen.
260 ## - PUBLICATION, DISTRIBUTION, ETC.
Place of publication, distribution, etc. New York, NY :
Name of publisher, distributor, etc. Ballantine Books,
Date of publication, distribution, etc. 1990.
300 ## - PHYSICAL DESCRIPTION
Extent 330 p. :
505 ## - FORMATTED CONTENTS NOTE
Formatted contents note Contents: Different words, different worlds -- Asymmetries: women and men talking across purpose --
511 0# - PARTICIPANT OR PERFORMER NOTE
Participant or performer note Read by the author.
520 ## - SUMMARY, ETC.
Summary, etc. Discusses the communication gap that exists between the sexes and proposes that women like to connect emotionally while men prefer to impart knowledge.
650 #0 - SUBJECT ADDED ENTRY--TOPICAL TERM
Topical term or geographic name entry element Communication in marriage.
9 (RLIN) 1537
650 #0 - SUBJECT ADDED ENTRY--TOPICAL TERM
Topical term or geographic name entry element Interpersonal communication.
9 (RLIN) 1021
650 #0 - SUBJECT ADDED ENTRY--TOPICAL TERM
Topical term or geographic name entry element Sex differences (Psychology)
9 (RLIN) 1269
650 #0 - SUBJECT ADDED ENTRY--TOPICAL TERM
Topical term or geographic name entry element English language
General subdivision Social aspects.
9 (RLIN) 1538
650 #2 - SUBJECT ADDED ENTRY--TOPICAL TERM
Topical term or geographic name entry element Communication.
9 (RLIN) 8
650 #2 - SUBJECT ADDED ENTRY--TOPICAL TERM
Topical term or geographic name entry element Conflict (Psychology)
9 (RLIN) 1539
650 #2 - SUBJECT ADDED ENTRY--TOPICAL TERM
Topical term or geographic name entry element Interpersonal Relations.
9 (RLIN) 1268
650 #2 - SUBJECT ADDED ENTRY--TOPICAL TERM
Topical term or geographic name entry element Marriage.
9 (RLIN) 1540
906 ## - LOCAL DATA ELEMENT F, LDF (RLIN)
a 7
b cbc
c copycat
d 2
e ncip
f 20
g y-soundrec
942 ## - ADDED ENTRY ELEMENTS (KOHA)
Source of classification or shelving scheme Library of Congress Classification
Koha item type Books
Holdings
Withdrawn status Lost status Source of classification or shelving scheme Damaged status Not for loan Home library Current library Shelving location Date acquired Total Checkouts Full call number Barcode Date last seen Price effective from Koha item type
    Library of Congress Classification     WISCONSIN INTERNATIONAL UNIVERSITY COLLEGE, GHANA KUMASI LIBRARY WISCONSIN INTERNATIONAL UNIVERSITY COLLEGE, GHANA KUMASI LIBRARY General Stacks 08/03/2023   P94.7.T16 K/2918/0016/23 01/06/2023 01/06/2023 Books

If you have any concerns or questions; kindly contact the library


© Powered by WIUC ICT DIRECTORATE